000
00331nam a22001457a 4500
005
20260413155328.0
008
160629b xxu||||| |||| 00| 0 eng d
041
_a
eng
082
_a
054
245
_a
Manorama Year Book 2010
260
_b
Malayala Manorama
300
_a
1016
650
_a
General periodicals
_9
8982
942
_c
BK
999
_c
4682
_d
4680